000 00473nam a22001697a 4500
003 NUST - PNEC
005 20170116181103.0
008 151003b xxu||||| |||| 00| 0 eng d
020 _a817992050X
040 _cLIBRARY
082 _a621.8672 MYL
100 _912493
_aMyles, K. and Associates
245 _aPipes & pipelines : principles & practice
_cMyles, K. and Associates
260 _c2003
650 _912496
_aPipe--Design and construction
_xME
942 _2ddc
_cBK
999 _c68839
_d68839